000 01370cam a2200361 a 4500
001 583183
003 EG-ScBUE
005 20220811092017.0
008 921207s2004 mau f 000 1 eng d
020 _a1566565480
020 _a9781566565486
040 _aDLC
_beng
_erda
_cDLC
_dEG-ScBUE
041 1 _aeng
_hara
082 0 4 _222
_a892.736
_bKAN
100 1 _aKanafani, Ghassan,
_eauthor.
_924132
245 1 0 _aAll that's left to you :
_ba novella and other stories /
_cby Ghassan Kanafani ; translated by May Jayyusi and Jeremy Reed ; with an introduction by Roger Allen.
264 1 _aNorthampton, Massachusetts :
_bInterlink Publishing Group, Inc.,
_c2004.
300 _axxi, 128 pages ;
_c22 cm.
336 _2rdacontent
_atext
_btxt
337 _2rdamedia
_aunmediated
_bn
338 _2rdacarrier
_avolume
_bnc
490 0 _aInterlink world fiction
546 _aText in English ; translated from the original Arabic.
650 _2BUEsh
651 7 _924130
_aPalestinian Arabs
_zGaza Strip
_vFiction.
_2BUEsh
651 7 _924131
_aPalestine
_vFiction.
_2BUEsh
653 _cMay2011
_bGGEN
655 _vReading book
_934232
700 1 _aJayyusi, May,
_etranslator.
_924133
700 1 _aReed, Jeremy.
_etrl
_924134
942 _2ddc
_cBB
999 _c15400
_d15400